| 000 | 00594nam a2200205 i 4500 | ||
|---|---|---|---|
| 001 | 19330 | ||
| 003 | ES-MaACL | ||
| 005 | 20230906152053.0 | ||
| 007 | t| | ||
| 008 | 020730s2002 sp ||||1| spa d | ||
| 020 | _a84-95776-15-4 | ||
| 080 | _a821.133.1-31"18" | ||
| 100 | 1 |
_aBalzac, Honoré de, _d1799-1850 _925139 |
|
| 245 | 1 | 0 |
_aGobseck / _cHonoré de Balzac ; traducción de Isabel López Arango. |
| 260 |
_a[S.l.] : _bMontesinos, _c[2002] |
||
| 300 |
_a104 p. ; _c22 cm. |
||
| 700 | 1 |
_aLópez Arango, Isabel. _973410 |
|
| 852 |
_aES-MaACL _jL-25798 _bR.131493 |
||
| 999 |
_c19330 _d19330 |
||